[Event "Khabarovsk Region-ch"]
[Site "Khabarovsk"]
[Date "2010.07.16"]
[Round "5"]
[White "Koloschuk, Evgeny"]
[Black "Parshin, Nikolay"]
[Result "0-1"]
[WhiteElo "2356"]
[BlackElo "2384"]
[PlyCount "70"]
[EventDate "2010.07.12"]
[EventType "swiss"]
[EventRounds "8"]
[EventCountry "RUS"]
[SourceTitle "EXT 2022"]
[Source "ChessBase"]
[SourceDate "2021.10.06"]
[SourceVersion "1"]
[SourceVersionDate "2021.10.06"]
[SourceQuality "1"]

1. c4 f5 2. Nf3 d6 3. d4 Nf6 4. b3 g6 5. Bb2 Bg7 6. Nbd2 0-0 7. e3 c6 8. Bd3 Na6 9. 0-0 e5 10. dxe5 Ng4 11. e4 Nxe5 12. Nxe5 dxe5 13. Qe2 Nc5 14. Bc2 f4 15. Rad1 a5 16. Nf3 Qe7 17. h3 g5 18. Nh2 Ne6 19. Nf3 Nc5 20. Nh2 Be6 21. a3 Bf7 22. b4 axb4 23. axb4 Na4 24. Bxa4 Rxa4 25. Bc3 c5 26. Qc2 Rfa8 27. Rd2 cxb4 28. Bb2 b3 29. Qb1 Rxc4 30. Rfd1 Rc7 31. Rd6 h6 32. R1d2 Ra2 33. Nf3 Rc2 34. Rd8+ Kh7 35. R8d7 Qc5 0-1